Normal view
MARC view
- القرآن- تحفيظ- تجويد- تراجم
Entry Topical Term
001 - CONTROL NUMBER
- control field: 14955
003 - CONTROL NUMBER IDENTIFIER
- control field: JO-AjAnu
005 - DATE AND TIME OF LATEST TRANSACTION
- control field: 20230606072703.0
008 - FIXED-LENGTH DATA ELEMENTS
- fixed length control field: 230606|| aca||aabn | a|a d
040 ## - CATALOGING SOURCE
- Original cataloging agency: JO-AjAnu
- Transcribing agency: JO-AjAnu
150 ## - HEADING--TOPICAL TERM
- Topical term or geographic name entry element: القرآن- تحفيظ- تجويد- تراجم
670 ## - SOURCE DATA FOUND
- Source citation: Work cat.: (JO-AjAnu)7679: الرنتاوي، محمد حسين, author 14954, العبر فيمن حفظ القرآن ولم يبلغ العشر: دراسة منهجية